سعا دت حسن منٹو:ذ ا تی يا د ا شتو ن پر مبنی ا و ر ا ق (Record no. 87370)

MARC details
000 -LEADER
fixed length control field 01422nam a22002777a 4500
005 - DATE AND TIME OF LATEST TRANSACTION
control field 20170411142034.0
008 - FIXED-LENGTH DATA ELEMENTS--GENERAL INFORMATION
fixed length control field 140714b xxu||||| |||| 00| 0 Urdu d
010 ## - LCCN (DPL NO)
LC control number UR-126 B-548018-021 B-665902
020 ## - INTERNATIONAL STANDARD BOOK NUMBER
International Standard Book Number 9789350731765
Terms of availability 180.00
035 ## - SYSTEM CONTROL NUMBER
System control number U-126 B-548018-021 B-665902
037 ## - SOURCE OF ACQUISITION
Source of stock number/acquisition BPPD/Pub/Ven
037 ## - SOURCE OF ACQUISITION
Source of stock number/acquisition Pansy Books (Vend.)/Edu.pub. House(Pub.)
040 ## - CATALOGING SOURCE
Original cataloging agency DPL
Language of cataloging Urdu
082 ## - DEWEY DECIMAL CLASSIFICATION NUMBER
Classification number 808.883
100 ## - MAIN ENTRY--PERSONAL NAME
Personal name ا بو الحسن نغمی
245 ## - TITLE STATEMENT
Title سعا دت حسن منٹو:ذ ا تی يا د ا شتو ن پر مبنی ا و ر ا ق
Statement of responsibility, etc ا بو الحسن نغمی
246 ## - VARYING FORM OF TITLE
Title proper/short title Sa'Dat Hasan Manto(Memories based on personal notes)
Remainder of title Abul Hasan Naghmi
260 ## - PUBLICATION, DISTRIBUTION, ETC. (IMPRINT)
Place of publication, distribution, etc د ھلی
Name of publisher, distributor, etc ا يجو کيشنل پبليشنگ ہا ؤس
Date of publication, distribution, etc 2013
260 ## - PUBLICATION, DISTRIBUTION, ETC. (IMPRINT)
Name of publisher, distributor, etc Pansy Books(Vender)
270 ## - ADDRESS
Address 3108،و کيل اسٹر يٹ ،کو چہ پنڈ ت ،لال کنو ا ن
City د ھلی
Postal code 110006
Telephone number 23216162،23214465
270 ## - ADDRESS
Address R2,/66/A Somesh Vihar,Chhawala
City New Delhi
Postal code 110071
Telephone number 01125317355
300 ## - PHYSICAL DESCRIPTION
Extent 144ص
Dimensions 22Cm (Hb)
942 ## - ADDED ENTRY ELEMENTS (KOHA)
Source of classification or shelving scheme Dewey Decimal Classification
Item type Urdu Bks
Edition
Classification part 808.883
Call number suffix م ن ٹ
Holdings
Withdrawn status Lost status Source of classification or shelving scheme Damaged status Not for loan Collection code Home library Current library Date acquired Source of acquisition Cost, normal purchase price Total Checkouts Full call number Barcode Date last seen Copy number Cost, replacement price Koha item type
    Dewey Decimal Classification     Non-fiction Ashok Vihar Ashok Vihar 11/04/2017 BPPD/UR/2014-15/AV/16-17/656/17.217//P/1638/6.3.17/8.3.17 180.00   808.883 م ن ٹ B-665902 11/04/2017 1 180.00 Urdu Bks
    Dewey Decimal Classification     Non-fiction Central Library Central Library 19/11/2014 BPPD/UR/2014-15/125/01-08-2014/1469/14/08/2014/2/09/2014 180.00 1 808.883 م ن ٹ B-548018 25/09/2017 1 180.00 Urdu Bks
    Dewey Decimal Classification     Non-fiction Patel Nagar Patel Nagar 19/11/2014 BPPD/UR/2014-15/125/01-08-2014/1469/14/08/2014/2/09/2014 180.00   808.883 م ن ٹ B-548019 19/11/2014 1 180.00 Urdu Bks
    Dewey Decimal Classification     Non-fiction Sarojini Nagar Sarojini Nagar 19/11/2014 BPPD/UR/2014-15/125/01-08-2014/1469/14/08/2014/2/09/2014 180.00 2 808.883 م ن ٹ B-548020 06/05/2019 1 180.00 Children Books
Withdrawn   Dewey Decimal Classification     Non-fiction Shahdara Branch Shahdara Branch 19/11/2014 BPPD/UR/2014-15/125/01-08-2014/1469/14/08/2014/2/09/2014 180.00   808.883 م ن ٹ B-548021 19/11/2014 1 180.00 Urdu Bks

© Delhi Public Library
Hit Counter
free hit counter